Регионална библиотека "Любен Каравелов" - Русе

Ангели в мрака (Запис номер 492827)

MARC детайли
000 -Лидер
Лидер 00889nam a2200265 a 4500
003 - Код на организацията, давaща контролен номер
Код на организацията, даваща контролен номер BLK
005 - Дата и час на последна редакция
Дата и час на последна редакция 20250724103026.0
007 - Фиксирано поле за физическо описани
Физическо описание ta
008 - Елементи от данни с фиксирана дължина
Елементи с фиксирана дължина 230712b bu |||||r|||| 00| | bu d
020 ## - Международен стандартен номер на книга ISBN
ISBN 9786199212622
040 ## - Източник на каталожния запис
Код на библиотеката BLK
041 ## - Код за език
Език Български
Език за КДБФ Български
080 ## - УДК
9 (RLIN) 227592
УДК текст Българска литература
УДК код 821.163.2
УДК – определител -31
УДК – код + определител 821.163.2-31
084 ## - Класификационен индекс по друга класификация
Авторски знак Лу - Л 85
100 ## - Редна дума - Автор
Автор Луи
Пълна форма на името Павлов, Богдан Николаев
Години, свързани с автора 1977-
R(LIN) 480562
245 ## - Сведения за заглавието
Заглавие Ангели в мрака
Авторска отговорност Луи
260 ## - Област на издателските данни
9 (RLIN) 453461
Място на издаване Бургас
Име на издателя Луи
Година на издаване 2023
Печатница Бургас : ЦДМ
300 ## - Физическа характеристика
Брой страници 239 с.
Размер 22 см
380 ## - Жанр
Жанр Худож. лит.
500 ## - Общи забележки
Обща забележка Луи - псевд. на авт. Богдан Николаев Павлов
852 ## - Местоположение
Сигнатура (форматна) Цб 318779
Отдел Хранилище
856 ## - Електронен адрес и достъп
Инструкция (цена за достъп) 0.00
Права за достъп disable
942 ## - АРТИКУЛИ
Вид на библиотечния документ Книги
Скрит в OPAC Не
Koha issues (borrowed), all copies 30
944 ## - СЪЗДАВАНЕ И РЕДАКЦИЯ на ЗАПИСА
Дата на регистрацията/редакция Моника Янева
Служител, извършил регистрацията/редакцията 30540
Номер на служител Севдалина Тодорова
999 ## - СИСТЕМНИ КОНТРОЛНИ НОМЕРА
Koha biblionumber 492827
Koha biblioitemnumber 492827
Наличности
Код за отписване Код за изгубен артикул Източник на класификационната схема Код за повреда Коз за рестрикции Код за отдаване Артикулен № Име на библиотеката - собственик Име на библиотеката, в която се намира в момента Статус (Текущо местоположение) Дата на вписване в системата Местоположение - отдел Цена в лева Инвентарен номер Систематично азбучна сигнатура Баркод Цена в евро Служебен тип на артикула
  Не е изгубен Universal Decimal Classification Не е повреден само за читалня ползва се в читалня 930367 Регионална библиотека "Любен Каравелов" Русе Регионална библиотека "Любен Каравелов" Русе Хранилище 2023-07-17 Хранилище 19.00 120000889853 Цб 318779 120000889853 9.71 Книги
  Не е изгубен Universal Decimal Classification Не е повреден   заемане за дома 933235 Регионална библиотека "Любен Каравелов" Русе Регионална библиотека "Любен Каравелов" Русе Заемна - подръчен фонд 2023-08-24 Заемна - подръчен фонд 17.10 120000892407 821.163.2-31/Л 85 120000892407 8.74 Книги
  Не е изгубен Universal Decimal Classification Не е повреден   заемане за дома 933236 Регионална библиотека "Любен Каравелов" Русе Регионална библиотека "Любен Каравелов" Русе Заемна - подръчен фонд 2023-08-24 Заемна - подръчен фонд 17.10 120000892408 821.163.2-31/Л 85 120000892408 8.74 Книги
Vip Innovations Ltd, Rousse, Bulgaria 2025